PROBLEMS IN HYDRAULICS (Record no. 583739)
[ view plain ]
| 000 -LEADER | |
|---|---|
| fixed length control field | 00257nam a22001097a 4500 |
| 082 ## - DEWEY DECIMAL CLASSIFICATION NUMBER | |
| Classification number | 532 NEK'P |
| 100 ## - MAIN ENTRY--PERSONAL NAME | |
| Personal name | KOCHERGIN, A,FABRIKANT, N,NEKRASOV, B |
| 9 (RLIN) | 78625 |
| 245 ## - TITLE STATEMENT | |
| Title | PROBLEMS IN HYDRAULICS |
| 260 ## - PUBLICATION, DISTRIBUTION, ETC. | |
| Place of publication, distribution, etc. | MOSCOW |
| Name of publisher, distributor, etc. | MIR |
| Date of publication, distribution, etc. | 1974 |
| 300 ## - PHYSICAL DESCRIPTION | |
| Extent | 192P |
| 942 ## - ADDED ENTRY ELEMENTS (KOHA) | |
| Koha item type | Book |
| Withdrawn status | Lost status | Damaged status | Not for loan | Permanent Location | Current Location | Shelving location | Date acquired | Total Checkouts | Full call number | Barcode | Date last seen | Price effective from | Koha item type |
|---|---|---|---|---|---|---|---|---|---|---|---|---|---|
| College of Electrical & Mechanical Engineering (CEME) | College of Electrical & Mechanical Engineering (CEME) | General Stacks | 06/19/2017 | 532 NEK'P | CEME-8182 | 06/28/2021 | 06/28/2021 | Book |
